Lego Chima Characters - Statistics

General Stats
  • This quiz has been taken 139 times
  • The average score is 29 of 113
Answer Stats
Hint Answer % Correct
Lion Laval
97%
Crocodile Cragger
84%
Eagle Eris
79%
Lion Lagravis
75%
Gorilla Gorzan
63%
Wolf Worriz
63%
Crocodile Crooler
59%
Crocodile Crominus
58%
Lion Lavertus
58%
Lion Leonidas
56%
Raven Razar
53%
Rhino Rogon
51%
Eagle Ewald
48%
Saber-Tooth Tiger Sir Fangar
48%
Phoenix Flinx
47%
Lion Lennox
47%
Lion Li'ella
45%
Lion Longtooth
45%
Tiger Tormak
45%
Bear Bladvic
44%
Phoenix Fluminox
44%
Nomad Skinnet
42%
Wolf Windra
42%
Mammoth Mungus
41%
Crocodile Crawley
40%
Scorpion Scorm
40%
Gorilla Grumlo
38%
Rhino Rinona
38%
Crocodile Crug
37%
Crocodile Crunket
37%
Eagle Ewar
37%
Raven Razcal
37%
Vulture Vardy
37%
Vulture Voom Voom
37%
Eagle Eglor
34%
Wolf Wilhurt
34%
Gorilla G'Loona
33%
Leopard Lundor
33%
Mammoth Maula
33%
Raven Rawzom
33%
Mammoth Mottrot
32%
Wolf Wakz
30%
Eagle Equila
29%
Ice Bear Icepaw
27%
Saber-Tooth Tiger Stealthor
27%
Wolf Winzar
27%
Raven Rizzo
26%
Gorilla Grizzam
25%
Spider Spinlyn
25%
Nomad Plovar
23%
Scorpion Scutter
23%
Spider Sparratus
23%
Wolf Wonald
23%
Bat Blista
22%
Saber-Tooth Tiger Strainor
22%
Saber-Tooth Tiger Sykor
22%
Bear Bulkar
21%
Nomad Dom de la Woosh
21%
Phoenix Foltrax
21%
Phoenix Frax
21%
Vulture Vornon
21%
Beaver Breezor
19%
Nomad Furtivo
19%
Ice Bear Icebite
19%
Scorpion Scolder
19%
Ice Bear Iceklaw
16%
Lion Lothar
16%
Bat Braptor
15%
Rhino Runk
15%
Raven Reegull
14%
Rhino Rukus
14%
Spider Sparacon
14%
Crocodile Crockenburg
12%
Phoenix Firox
12%
Scorpion Scrug
12%
Beaver Bezar
11%
Ice Bear Icerlot
11%
Tiger Tazar
11%
Crocodile Cruz
10%
Rhino Rheekon
10%
Raven Ripnik
10%
Saber-Tooth Tiger Sibress
10%
Tiger Trakkar
10%
Bear Balkar
8%
Raven Reabait
8%
Saber-Tooth Tiger Saraw
8%
Beaver Buber
7%
Crocodile Cranvil
7%
Crocodile Crumb
7%
Eagle Elida
7%
Eagle Elon
7%
Saber-Tooth Tiger Sirox
7%
Bat Banter
5%
Bat Blink
5%
Bear Bozy
5%
Bear Buchuma
5%
Bear Bungey
5%
Beaver Bunic
5%
Eagle Ehboni
5%
Eagle Elkar
5%
Gorilla Gelsi
5%
Gorilla Gompsy
5%
Rhino Rhigor
5%
Scorpion Scyther
5%
Wolf Wince
5%
Wolf Wrothgar
5%
Bear Bumpy
4%
Raven Ranzak
4%
Scorpion Sparrmax
4%
Spider Spindle
4%
Beaver Bubic
3%
Gorilla Gunter
3%
Gorilla Gornay
1%
No matching quizzes found
Score Distribution
Percent of People with Each Score
Percentile by Number Answered
Your Score History
You have not taken this quiz